|
|
|
|
| LEADER |
02210nam a2200517 i 4500 |
| 001 |
EBC1773761 |
| 003 |
MiAaPQ |
| 005 |
20200520144314.0 |
| 006 |
m o d | |
| 007 |
cr cnu|||||||| |
| 008 |
140517t20132013ne ao ob 001 0 eng d |
| 020 |
|
|
|z 9789089642912
|
| 020 |
|
|
|a 9789048513833
|q (electronic bk.)
|
| 035 |
|
|
|a (MiAaPQ)EBC1773761
|
| 035 |
|
|
|a (Au-PeEL)EBL1773761
|
| 035 |
|
|
|a (CaPaEBR)ebr10866718
|
| 035 |
|
|
|a (CaONFJC)MIL797721
|
| 035 |
|
|
|a (OCoLC)879377176
|
| 040 |
|
|
|a MiAaPQ
|b eng
|e rda
|e pn
|c MiAaPQ
|d MiAaPQ
|
| 050 |
|
4 |
|a N6494.M78
|b .P745 2013
|
| 082 |
0 |
|
|a 709.0407
|2 23
|
| 245 |
0 |
0 |
|a Preserving and exhibiting media art :
|b challenges and perspectives /
|c Julia Noordegraaf, Cosetta G. Saba, Barbara Le Maitre and Vinzenz Hediger (eds.).
|
| 264 |
|
1 |
|a [Amsterdam, Netherlands] :
|b Amsterdam University Press,
|c 2013.
|
| 264 |
|
4 |
|c 2013
|
| 300 |
|
|
|a 1 online resource (429 pages) :
|b illustrations, photographs.
|
| 336 |
|
|
|a text
|2 rdacontent
|
| 337 |
|
|
|a computer
|2 rdamedia
|
| 338 |
|
|
|a online resource
|2 rdacarrier
|
| 490 |
1 |
|
|a Framing film
|
| 504 |
|
|
|a Includes bibliographical references at the end of every chapter and index.
|
| 588 |
|
|
|a Description based on print version record.
|
| 590 |
|
|
|a Electronic reproduction. Ann Arbor, MI : ProQuest, 2015. Available via World Wide Web. Access may be limited to ProQuest affiliated libraries.
|
| 650 |
|
0 |
|a Multimedia (Art)
|x Preservation.
|
| 650 |
|
0 |
|a Motion picture film
|x Preservation.
|
| 650 |
|
0 |
|a Digital art
|x Preservation.
|
| 650 |
|
0 |
|a New media art
|x Preservation.
|
| 650 |
|
0 |
|a Art
|x Exhibition techniques.
|
| 655 |
|
4 |
|a Electronic books.
|
| 700 |
1 |
|
|a Le Maitre, Barbara,
|e editor.
|
| 700 |
1 |
|
|a Hediger, Vinzenz,
|d 1969-
|e editor.
|
| 700 |
1 |
|
|a Saba, Cosetta G.,
|e editor.
|
| 700 |
1 |
|
|a Noordegraaf, Julia,
|e editor.
|
| 776 |
0 |
8 |
|i Print version:
|t Preserving and exhibiting media art : challenges and perspectives
|d [Amsterdam, Netherlands] : Amsterdam University Press, c2013
|h 428 pages
|k Framing film.
|z 9789089642912
|w 2013445091
|
| 797 |
2 |
|
|a ProQuest (Firm)
|
| 830 |
|
0 |
|a Framing film.
|
| 856 |
4 |
0 |
|u https://ebookcentral.proquest.com/lib/matrademy/detail.action?docID=1773761
|z Click to View
|